Objects of desire (Record no. 51337)

MARC details
000 -LEADER
fixed length control field 00976cab a2200253 4500
001 - CONTROL NUMBER
control field ABS57753
008 - FIXED-LENGTH DATA ELEMENTS--GENERAL INFORMATION
fixed length control field 090401t1997 xxu||||| |||| 00| 0 eng d
035 ## - SYSTEM CONTROL NUMBER
System control number (Sirsi) u81490
041 ## - LANGUAGE CODE
Language code of text/sound track or separate title eng
100 ## - MAIN ENTRY--PERSONAL NAME
Personal name Baxter, T.
245 ## - TITLE STATEMENT
Title Objects of desire
260 ## - PUBLICATION, DISTRIBUTION, ETC.
Date of publication, distribution, etc. 1997
350 ## - PRICE (NR) (BK AM CF MU VM SE) [OBSOLETE]
Price 0
490 ## - SERIES STATEMENT
Series statement Building Services Journal
Volume/sequential designation 19(10) October 1997, 30-31(2)
520 ## - SUMMARY, ETC.
Summary, etc. The UK chapter of the International Alliance for Interoperability (IAI) is aiming to establish common product descriptions for construction software applications. This article looks at their project and what its consequences will be for the construction industry. Gives background on the IAI.
650 ## - SUBJECT ADDED ENTRY--TOPICAL TERM
Topical term or geographic name entry element COMPUTER AIDED DESIGN
650 ## - SUBJECT ADDED ENTRY--TOPICAL TERM
Topical term or geographic name entry element BUILT ENVIRONMENT
650 ## - SUBJECT ADDED ENTRY--TOPICAL TERM
Topical term or geographic name entry element INTERNATIONAL ALLIANCE FOR INTEROPERABILITY
650 ## - SUBJECT ADDED ENTRY--TOPICAL TERM
Topical term or geographic name entry element INTEROPERABILITY
650 ## - SUBJECT ADDED ENTRY--TOPICAL TERM
Topical term or geographic name entry element SOFTWARE PACKAGES
690 ## - LOCAL SUBJECT ADDED ENTRY--TOPICAL TERM (OCLC, RLIN)
Topical term or geographic name as entry element MANAGEMENT-BUSINESS MANAGEMENT-INFORMATION MANAGEMENT
942 ## - ADDED ENTRY ELEMENTS (KOHA)
Suppress in OPAC 0
948 ## - LOCAL PROCESSING INFORMATION (OCLC); SERIES PART DESIGNATOR (RLIN)
c (OCLC) 16/10/1997
Holdings
Withdrawn status Lost status Source of classification or shelving scheme Damaged status Not for loan Home library Current library Shelving location Date acquired Total Checkouts Full call number Barcode Date last seen Copy number Price effective from Koha item type
    Dewey Decimal Classification     London London Journal article 14/09/1999   ABS57753 81490-1001 06/08/2019 1 06/08/2019 Journal article